serun
ՀԱՅ ԳԻՐՔ = Armenian Book

Սերգեյ Փարաջանով / (Record no. 166189)

000 -LEADER
fixed length control field nam a22 a 4500
003 - CONTROL NUMBER IDENTIFIER
control field AM-YeNLA
005 - DATE AND TIME OF LATEST TRANSACTION
control field 20260409160033.0
007 - PHYSICAL DESCRIPTION FIXED FIELD--GENERAL INFORMATION
fixed length control field ta
008 - FIXED-LENGTH DATA ELEMENTS--GENERAL INFORMATION
fixed length control field 260409s2025 ai ac||gr|||||000|0|arm||
020 ## - INTERNATIONAL STANDARD BOOK NUMBER
International Standard Book Number 978-9939-0-4753-9
040 ## - CATALOGING SOURCE
Language of cataloging arm
Transcribing agency AM-YeNLA
041 0# - LANGUAGE CODE
Language code of text/sound track or separate title arm
041 0# - LANGUAGE CODE
Language code of text/sound track or separate title eng
041 0# - LANGUAGE CODE
Language code of text/sound track or separate title rus
100 1# - MAIN ENTRY--PERSONAL NAME
Personal name Դավթյան, Սուսաննա
245 10 - TITLE STATEMENT
Title Սերգեյ Փարաջանով /
Statement of responsibility, etc. Ս. Դավթյան ; Խմբ.՝ Մ. Բիշարյան, Ս. Թորոսյան, Ս. Մուրադյան, Ս. Նալբանդյան.
246 15 - VARYING FORM OF TITLE
Title proper/short title Sergei Pharadjanov
246 15 - VARYING FORM OF TITLE
Title proper/short title Сергей Параджанов
260 ## - PUBLICATION, DISTRIBUTION, ETC. (IMPRINT)
Place of publication, distribution, etc. Երևան :
Name of publisher, distributor, etc. Հեղինակային հրատարակություն,
Date of publication, distribution, etc. 2025.
300 ## - PHYSICAL DESCRIPTION
Extent 207 էջ :
Other physical details նկարներ, դիմանկար ;
Dimensions 23 սմ.
546 ## - LANGUAGE NOTE
Language note Բնագիրը՝ զուգահեռ հայերն անգլերեն և ռուսերեն։
600 14 - SUBJECT ADDED ENTRY--PERSONAL NAME
Personal name Սերգեյ Փարաջանով,
Dates associated with a name 1924-1990
650 14 - SUBJECT ADDED ENTRY--TOPICAL TERM
Topical term or geographic name as entry element Մասնագիտական արվեստագետներ
650 14 - SUBJECT ADDED ENTRY--TOPICAL TERM
Topical term or geographic name as entry element Կենսագրություններ
700 1# - ADDED ENTRY--PERSONAL NAME
Personal name Բիշարյան, Մելինե
Relator term խմբ.
Relator code edt
700 1# - ADDED ENTRY--PERSONAL NAME
Personal name Թորոսյան, Սեդա
Relator term խմբ.
Relator code edt
700 1# - ADDED ENTRY--PERSONAL NAME
Personal name Մուրադյան, Սամվել
Relator term խմբ.
Relator code edt
700 1# - ADDED ENTRY--PERSONAL NAME
Personal name Նալբանդյան, Սվետլանա
Relator term խմբ.
Relator code edt
942 ## - ADDED ENTRY ELEMENTS (KOHA)
Source of classification or shelving scheme
Koha item type Books
Holdings
Withdrawn status Lost status Source of classification or shelving scheme Damaged status Not for loan Permanent Location Current Location Date acquired Inventory number Date last seen Price effective from Koha item type
          National Library of Armenia National Library of Armenia 2026-04-09 ՀԱԳ 2026-04-09 2026-04-09 Books

Հայաստանի ազգային գրադարան ՀՀ, 0009,Երևան, Տերյան 72
Հետադարձ կապ